Closing Lines III Quiz Stats

 Plays Quiz Updated Jul 20, 2015

Score 0/15 Timer 06:00
2 Plays Today
Line Movie % Correct
'And oh, Auntie Em, there's no place like home.'The Wizard of Oz
95.5%
'That'll do, pig. That'll do.' Babe
84.1%
'Yo, Adrian, we did it. We did it.'Rocky Balboa
81.1%
'Whatever life holds in store for me, I will never forget these words: 'With great power comes great responsibility.' This is my gift. My curse. Who am I? I'm [title].'Spider-Man
74.9%
'Oh no, it wasn't the airplanes. It was beauty killed the beast.'King Kong
73.2%
'Look, Daddy. Teacher says, every time a bell rings, an angel gets his wings.'
'That's right, that's right. Attaboy, Clarence.'
It's a Wonderful Life
69.7%
'Grandpa, maybe you could come over and read it again to me tomorrow.'
'As you wish.'
The Princess Bride
65.9%
'...so we will hunt him because he can take it. Because he's not our hero. He's a silent guardian, a watchful protector. A [title].'The Dark Knight
65.8%
Line Movie % Correct
'I'm not going back in there again. Not this time. I'm never going back.' 'Hey, Stella! Hey, Stellaaa!'A Streetcar Named Desire
58.7%
'But Charlie, don't forget what happened to the man that suddenly got everything he always wanted.'
'What happened?'
'He lived happily ever after.'
Willy Wonka and the Chocolate Factory
55%
'You tell everybody. Listen to me, Hatcher. You’ve gotta tell them! [title] is people! We’ve gotta stop them somehow!'Soylent Green
49.2%
'Forget it, Jake. It's [title].'Chinatown
46%
'Love means never having to say you're sorry.'Love Story
41.8%
'I'll be right here...'E.T.: The Extra-Terrestrial
30.8%
'So long...partner.'Toy Story 3
23%

You're not logged in!

Compare scores with friends on all Sporcle quizzes.
OR
Log In

Show Comments

Extras

Top Quizzes Today


Score Distribution

Your Account Isn't Verified!

In order to create a playlist on Sporcle, you need to verify the email address you used during registration. Go to your Sporcle Settings to finish the process.

Report this User

Report this user for behavior that violates our Community Guidelines.

Details: